000 00533cam a2200181ua 4500
001 1771
008 111126n ii |||gr||||Z||||||eng
040 _cMAIN
082 _a370.15
100 _aSarma, Mukul Kr.,
245 1 _aPrarambhik parisankhya bigyan aru saikshik parimapan
_cby Mukul Kr. Sarma
250 _a2nd.
260 _aGuahati:
_bSecretary university publication department,993.
300 _a360p:
_bill;
_c23cm.
653 _aEducation
653 _aPrarambhik parisankhya bigyan aru saikshik parimapan
942 _cBK
999 _c1655
_d1655